Políticas de estabilización y ajuste en Nicaragua: 1980-1986

Gespeichert in:
Bibliographische Detailangaben
1. Verfasser: Medal, José Luis
Körperschaft: CSUCA
Format: Text
Veröffentlicht: San José: CSUCA
Tags: Tag hinzufügen
Keine Tags, Fügen Sie den ersten Tag hinzu!

MARC

LEADER 00000 a a2200000 04500
001 21159
003
040
090 |a 091900  
100 |a Medal, José Luis  
110 |a CSUCA  
245 |a Políticas de estabilización y ajuste en Nicaragua: 1980-1986  
260 |a San José:   |b CSUCA  
300 |a 68 p.  
999 |c 5150  |d 5150